Olympia 2024 Basketball: Team Deutschland - Statistiken

Allgemein
  • Dieses Quiz wurde 142 mal gespielt
  • Das Durchschnittsergebnis liegt bei 9 aus 13
Antwortstatistiken
Position Team Spieler % Korrekt
Guard Brooklyn Nets Dennis Schröder
98%
Forward Orlando Magic Franz Wagner
95%
Center Orlando Magic Moritz Wagner
95%
Guard Bayern Andreas Obst
94%
Center Indiana Pacers Daniel Theis
90%
Forward Bayern Isaac Bonga
73%
Center Olimpia Milano Johannes Voigtmann
69%
Guard Olimpia Milano Maodo Lo
66%
Center Alba Berlin Johannes Thiemann
64%
Coach - Gordon Herbert
63%
Forward Barcelona Oscar da Silva
50%
Forward Bayern Niels Giffey
46%
Guard Bayern Nick Weiler-Babb
39%
Keine übereinstimmenden Quizze gefunden
Verteilung der Resultate
Anzahl Personen mit jedem Resultat
Perzentil nach korrekt beantworteten Fragen
Ihre Resultats-Entwicklung
Sie haben dieses Quiz noch nicht gespielt